|
|
|
|
| LEADER |
00000cam a2200000 a 4500 |
| 001 |
vtls010125696 |
| 003 |
SK-MaSNL |
| 005 |
20260301213025.0 |
| 008 |
240315s2010 xo dl d p 000 0 slo |
| 015 |
|
|
|a SNBA2010/11-05977
|
| 020 |
|
|
|a 9788022529563
|q (brož.)
|
| 035 |
|
|
|a 61EA284F-3D49-4069-8BE0-529B7A81123B
|
| 035 |
|
|
|a urn:nbn:sk:snk-amkas9
|
| 035 |
|
|
|a urn:nbn:sk:snk-am008a7d
|
| 040 |
|
|
|a SNK
|b slo
|c SNK
|e AACR2
|
| 041 |
0 |
|
|a slo
|
| 044 |
|
|
|a xo
|c SK
|
| 072 |
|
7 |
|a 005
|x Manažment. Riadenie
|2 konspekt
|
| 072 |
|
7 |
|a 316.4/.7
|x Sociálne interakcie
|2 konspekt
|
| 080 |
|
|
|a 005.32
|2 2001
|
| 080 |
|
|
|a 316.46/.47
|2 2001
|
| 080 |
|
|
|a 316.628
|2 2001
|
| 080 |
|
|
|a (075.8)
|2 2001
|
| 080 |
|
|
|a 316.77
|2 2001
|
| 080 |
|
|
|a 005.73
|2 2001
|
| 080 |
|
|
|a 316.46.058.2
|2 2001
|
| 100 |
1 |
|
|a Gažová Adamková, Hana,
|d 1969-
|4 aut
|9 217134
|
| 245 |
1 |
0 |
|a Organizačné správanie v podniku
|c Hana Gažová Adamková a kolektív
|
| 250 |
|
|
|a 1. vyd.
|
| 260 |
|
|
|a Bratislava
|b Ekonóm
|c 2010
|
| 300 |
|
|
|a 226 s.
|b grafy, sch., tab.
|c 21 cm
|
| 504 |
|
|
|a Bibliogr. s. 222-226
|
| 650 |
0 |
7 |
|a organizačné správanie
|2 SNKPH
|9 74662
|
| 650 |
0 |
7 |
|a riadiaca práca
|2 SNKPH
|9 925
|
| 650 |
0 |
7 |
|a kultúra organizácie
|2 SNKPH
|9 3660
|
| 650 |
0 |
7 |
|a Organizational behavior
|2 SNKPHeng
|9 331563
|
| 650 |
0 |
7 |
|a Leadership
|2 SNKPHeng
|9 306520
|
| 650 |
0 |
7 |
|a Motivation (psychology)
|2 SNKPHeng
|9 270854
|
| 650 |
0 |
7 |
|a motivácia
|2 SNKPH
|9 1779
|
| 650 |
0 |
7 |
|a komunikácia (dorozumievanie)
|2 SNKPH
|9 2688
|
| 650 |
0 |
7 |
|a koučovanie
|2 SNKPH
|9 69701
|
| 650 |
0 |
7 |
|a Human communication
|2 SNKPHeng
|9 265706
|
| 650 |
0 |
7 |
|a Corporate culture
|2 SNKPHeng
|9 306564
|
| 650 |
0 |
7 |
|a Personal coaching
|2 SNKPHeng
|9 317429
|
| 655 |
|
7 |
|a učebnice vysokých škôl
|2 SNKPH
|9 70191
|
| 655 |
|
7 |
|a Textbooks (higher)
|2 SNKPHeng
|9 276436
|
| 700 |
1 |
|
|a Szarková, Miroslava,
|d 1951-
|4 aut
|9 199829
|
| 700 |
1 |
|
|a Volár, Jozef
|4 aut
|9 599369
|
| 852 |
|
|
|a Štátna vedecká knižnica v Banskej Bystrici
|
| 919 |
|
|
|a 978-80-225-2956-3
|
| 958 |
|
|
|a NB
|
| 958 |
|
|
|a OND
|
| 968 |
|
|
|d 0
|
| 999 |
|
|
|c 920105
|d 922035
|
| 952 |
|
|
|a SNK
|b SNK
|y PREZ
|7 0
|p 17A0669392
|o snkSC 141778
|i snk2010/18115
|8 0
|0 0
|1 0
|4 0
|d 2010-08-24
|l 0
|r 2025-07-09 00:00:00
|w 2026-02-24
|
| 952 |
|
|
|a SNK
|b SNK
|y VYP
|7 0
|p 17A0667570
|o snkSC 141778 D1
|i snk2010/18116
|8 0
|0 0
|1 0
|4 0
|d 2010-08-24
|l 0
|r 2026-02-24 08:12:52
|w 2026-02-24
|